| 000 | 01145cam a22002652 4500 | ||
|---|---|---|---|
| 001 | 34478 | ||
| 003 | BD-RjUL | ||
| 005 | 20211209052151.0 | ||
| 008 | 140517s1963 nyua b 100 0 eng d | ||
| 035 |
_aOCLC ocm00350509 from D961004M _a(BD-RjUL)34572 |
||
| 040 |
_aDLC _cWOO _dSER _dOCL _dTQG _dUKM _dBD-RjUL _beng |
||
| 041 | _aeng | ||
| 082 |
_a307.760973 _bURB 1963 _220 |
||
| 110 | 2 |
_aWashington University (Saint Louis, Mo.). _bInstitute for Urban and Regional Studies. _9106278 |
|
| 245 | 1 | 0 |
_aUrban life and form : _bpapers presented at the faculty seminar on foundations of urban life and form (1961-1962) sponsored by the Institute for Urban and Regional Studies, Washington University, St. Louis, Missouri / _cEdited by Werner Z. Hirsch. |
| 260 |
_aNew York : _bHolt, Rinehart and Winston, _c1963. |
||
| 300 |
_a[6] 248 p. : _bdiagrs. ; _c21 cm. |
||
| 504 | _aIncludes bibliographical references. | ||
| 650 | 0 |
_aCities and towns _zUnited States. _9104863 |
|
| 650 | 0 |
_aUrbanization _zUnited States. _9103586 |
|
| 700 | 1 |
_aHirsch, Werner Z. _q(Werner Zvi), _d1920- _9104864 |
|
| 942 |
_2ddc _cBK |
||
| 999 |
_c34478 _d34478 |
||